| 000 | 00498nam a2200169 i 4500 | ||
|---|---|---|---|
| 001 | 87732 | ||
| 003 | ES-MaACL | ||
| 005 | 20230906175729.0 | ||
| 007 | t| | ||
| 008 | 041223s1980 gw ||||1| ger d | ||
| 020 | _a3-534-03494-5 | ||
| 100 | 1 |
_aKunz, Josef. _969038 |
|
| 245 | 1 | 0 |
_aEichendorff _b: Höhepunkt und Krise der Spèatromantik / _cJosef Kunz. |
| 260 |
_aDarmstadt : _bWissenschaftliche Buchgesellschaft, _c1980. |
||
| 300 |
_a253 p. ; _c19 cm. |
||
| 852 |
_aES-MaACL _jL-11515 _bR.113424 |
||
| 999 |
_c87732 _d87732 |
||